African Map without 10 Random Countries - Statistics

General Stats
  • This quiz has been taken 17,976 times
  • The average score is 9 of 10
Answers on the Map
Answers color-coded by a green-red scale on the quiz's map according to % correct below.
 
Answer Stats
Country % Correct
Algeria
99%
Chad
99%
D. R. Congo
99%
Libya
99%
South Africa
99%
Sudan
99%
Egypt
98%
Ethiopia
98%
Mali
98%
Niger
98%
Nigeria
98%
Angola
97%
Kenya
97%
South Sudan
97%
Botswana
96%
Central African Republic
96%
Mauritania
96%
Namibia
96%
Senegal
96%
Tanzania
96%
Togo
96%
Zimbabwe
96%
Benin
95%
Ghana
95%
Ivory Coast
95%
Mozambique
95%
Rep. of the Congo
94%
Rwanda
94%
Uganda
94%
Zambia
94%
Burkina Faso
93%
Cameroon
93%
Eswatini
93%
Guinea
92%
Tunisia
92%
Gabon
91%
Liberia
91%
Sierra Leone
91%
Eritrea
90%
Malawi
90%
Morocco
90%
Burundi
88%
Equatorial Guinea
88%
Madagascar
88%
Guinea-Bissau
87%
Cape Verde
85%
Seychelles
85%
Djibouti
84%
São Tomé and Príncipe
84%
Comoros
83%
Somalia
83%
Mauritius
82%
No matching quizzes found
Score Distribution
Percent of People with Each Score
Percentile by Number Answered
Your Score History
You have not taken this quiz